| 000 | 01148nam a2200229Ii 4500 | ||
|---|---|---|---|
| 003 | JO-AjNU | ||
| 005 | 20240402102649.0 | ||
| 008 | 230605s9999||||xx |||||||||||||| ||und|| | ||
| 040 |
_aJO-AjNU _bara _erda _cJO-AjNU |
||
| 041 | _aara | ||
| 100 | 1 |
_aالجبر، بدر سلامة إبراهيم _eمؤلف _965232 |
|
| 245 | 0 |
_aدور التدقيق الإلكتروني في تحسين جودة الرقابة الداخلية في المؤسسة العامة للضمان الاجتماعي الأردني = The Role of Electronic Auditing in improving the Quality of internal control in the Jordanian Social Security Corporation / _cاعداد بدر سلامه إبراهيم الجبر ؛ اشراف أحمد إبراهيم كراجة |
|
| 260 | _c2023 | ||
| 300 | _a125 ورقة | ||
| 336 |
_atext _btxt _2rdacontent |
||
| 337 |
_aunmediated _bn _2rdamedia |
||
| 338 |
_avolume _bnc _2rdacarrier |
||
| 500 | _aرسالة جامعية (ماجستير) تخصص المحاسبة / جامعة عجلون الوطنية | ||
| 650 | 7 | _vتدقيق حسابات | |
| 700 | 0 |
_aأحمد إبراهيم كراجة _eمشرف _964926 |
|
| 942 |
_2lcc _cTHS |
||
| 999 |
_c32843 _d32843 |
||